Nam Essence Of Spirituality/ (Record no. 202248)

MARC details
000 -LEADER
fixed length control field 00678nam a22002177a 4500
005 - DATE AND TIME OF LATEST TRANSACTION
control field 20240508164551.0
010 ## - LCCN (DPL NO)
LC control number ENG-140195
020 ## - INTERNATIONAL STANDARD BOOK NUMBER
Terms of availability 450.00
International Standard Book Number 9788119078950
035 ## - SYSTEM CONTROL NUMBER
System control number EN-123727
037 ## - SOURCE OF ACQUISITION
Source of stock number/acquisition DBAD
082 ## - DEWEY DECIMAL CLASSIFICATION NUMBER
Classification number 230.35
100 ## - MAIN ENTRY--PERSONAL NAME
Personal name Shangari T. R.
245 ## - TITLE STATEMENT
Title Nam Essence Of Spirituality/
Statement of responsibility, etc By T. R. Shangari...[et.al]
260 ## - PUBLICATION, DISTRIBUTION, ETC. (IMPRINT)
Place of publication, distribution, etc Punjab
Name of publisher, distributor, etc D. K. Sikri
Date of publication, distribution, etc 2023
270 ## - ADDRESS
Address Radha Soami Satsang Beas Dera Baba Jaimal Singh Punjab
City Punjab
Postal code 143204
300 ## - PHYSICAL DESCRIPTION
Extent 360p.
Dimensions 22cm(pb)
700 ## - ADDED ENTRY--PERSONAL NAME
Personal name Kirpal Singh Khak
9 (RLIN) 64815
700 ## - ADDED ENTRY--PERSONAL NAME
Personal name Gurdip Singh Bhandari
9 (RLIN) 64816
700 ## - ADDED ENTRY--PERSONAL NAME
Personal name Manmohan Sehgal
9 (RLIN) 64817
942 ## - ADDED ENTRY ELEMENTS (KOHA)
Source of classification or shelving scheme Dewey Decimal Classification
Item type English Books
Call number suffix SHA
Classification part 230.35
Holdings
Withdrawn status Lost status Not for loan Collection code Home library Current library Date acquired Source of acquisition Cost, normal purchase price Full call number Barcode Copy number Cost, replacement price Koha item type
      Non-fiction Ashok Vihar Ashok Vihar 18/04/2024 DBAD 150.00 SHA 230.35 EN-123727 1 150.00 English Books

© Delhi Public Library
Hit Counter
free hit counter